LEADER 03606nam 2200757 450 001 9910464830303321 005 20200520144314.0 010 $a1-60649-961-0 035 $a(CKB)3710000000120250 035 $a(OCoLC)880626603 035 $a(CaPaEBR)ebrary10873418 035 $a(CaBNVSL)swl00403410 035 $a(MiAaPQ)EBC1683379 035 $a(Au-PeEL)EBL1683379 035 $a(CaPaEBR)ebr10873418 035 $a(CaONFJC)MIL825461 035 $a(EXLCZ)993710000000120250 100 $a20140525d2014 fy 0 101 0 $aeng 135 $aurcnu|||||||| 181 $2rdacontent 182 $2rdamedia 183 $2rdacarrier 200 10$aDeveloping successful marketing strategies /$fGary W. Randazzo 205 $aFirst edition. 210 1$aNew York, New York (222 East 46th Street, New York, NY 10017) :$cBusiness Expert Press,$d2014. 215 $a1 online resource (xv, 148 pages) 225 1 $aMarketing strategy collection,$x2150-9662 300 $aPart of: 2014 digital library. 311 $a1-60649-960-2 320 $aIncludes bibliographical references (page [143]) and index. 327 $aPart I. Situation analysis -- 1. Industry and market -- 2. Legal and technological changes -- 3. Defining the target market approach -- 4. Customer jobs to be done -- 5. Customer segmentation -- 6. Challenges faced: internal and external -- Part II. Vision and mission drive strategy, then tactics -- 7. The vision driven strategy -- 8. Product -- 9. Promotion -- 10. Pricing -- 11. Place -- Part III. Implementation -- 12. A process for execution management -- 13. Organizational structure -- 14. Workforce -- 15. Financial structure and controls -- 16. Putting it all together -- Conclusion -- References -- Index. 330 3 $aUses real market examples to demonstrate the development of effective marketing strategies. The approach uses an organization's mission and vision statements to guide the development of marketing goals, strategies, and tactics. Central to the development of marketing strategy is the use of the marketing mix of price, place, product, and promotion. The book neatly weaves the process of developing a marketing strategy with the use of the marketing mix. Throughout the book examples are given to clarify the theories and guide the reader through the strategic marketing planning process. Managers and executives will use this book as a guide to grow an established business or start a new one. The book can be used as a reference book for unique marketing challenges as well. 410 0$aMarketing strategy collection.$x2150-9662 410 0$a2014 digital library. 606 $aMarketing$xManagement 608 $aElectronic books. 610 $aworkforce 610 $atactics 610 $astrategy 610 $asituation analysis 610 $apromotion 610 $aproduct 610 $aprice 610 $avision 610 $aplace 610 $aobjective 610 $aorganizational structure 610 $anew product development 610 $amission 610 $aexecution management 610 $acustomer categories 610 $across functional teams 610 $aconsumer adoption drivers 610 $acash requirements 610 $aadvertising frequency 615 0$aMarketing$xManagement. 676 $a658.8 700 $aRandazzo$b Gary W.$0937526 801 0$bMiAaPQ 801 1$bMiAaPQ 801 2$bMiAaPQ 906 $aBOOK 912 $a9910464830303321 996 $aDeveloping successful marketing strategies$92111714 997 $aUNINA LEADER 02973nam 2200577 450 001 9910537363503321 005 20200520144314.0 010 $a1-4698-7541-1 035 $a(CKB)1000000000753691 035 $a(SSID)ssj0000353513 035 $a(PQKBManifestationID)11263218 035 $a(PQKBTitleCode)TC0000353513 035 $a(PQKBWorkID)10289484 035 $a(PQKB)11547850 035 $a(MiAaPQ)EBC2032558 035 $a(Au-PeEL)EBL2032558 035 $a(CaPaEBR)ebr10825408 035 $a(CaONFJC)MIL73045 035 $a(OCoLC)908076000 035 $a(EXLCZ)991000000000753691 100 $a20040730h20052005 uy| 0 101 0 $aeng 135 $aurcnu|||||||| 181 $ctxt 182 $cc 183 $acr 200 00$aPediatric and adolescent gynecology /$fS. Jean Herriot Emans, Marc R. Laufer, Donald P. Goldstein 205 $aFifth edition. 210 1$aPhiladelphia :$cLippincott Williams & Wilkins,$d[2005] 210 4$dİ2005 215 $a1 online resource (1108 pages) $cillustrations 300 $aBibliographic Level Mode of Issuance: Monograph 311 $a0-7817-4493-8 320 $aIncludes bibliographical references and index. 327 $aOffice evaluation of the child and adolescent -- Ambiguous genitalia in the newborn -- Vulvovaginal problems in the prepubertal child -- The physiology of puberty -- Precocious puberty -- Delayed puberty -- Amenorrhea in the adolescent -- Dysfunctional uterine bleeding -- Androgen abnormalities in the adolescent -- Structural abnormalities of the female reproductive tract -- Gynecologic pain : dysmenorrhea, acute and chronic pelvic pain, endometriosis, and premenstrual syndrome -- Education of the child and adolescent -- Pediatric urology in the pediatric and adolescent girl -- Vulvovaginal complaints in the adolescent -- Bacterial sexually transmitted infections : gonorrhea, chlamydia, pelvic inflammatory disease, and syphilis -- Human immunodeficiency virus (HIV) in young women -- Human papillomavirus infection in children and adolescents -- Benign and malignant ovarian masses -- The breast : examination and lesions -- Contraception -- Teen pregnancy -- Adolescent sexuality -- Gynecologic issues in young women with chronic diseases -- Sexual abuse in the child and adolescent -- Complementary and alternative medicine for gynecology patients -- Legal issues in pediatric and adolescent gynecology. 606 $aPediatric gynecology 606 $aAdolescent gynecology 608 $aElectronic books. 615 0$aPediatric gynecology. 615 0$aAdolescent gynecology. 676 $a618.92/098 701 $aEmans$b S. Jean Herriot$01127541 701 $aLaufer$b Marc R$01127542 701 $aGoldstein$b Donald Peter$01127543 801 0$bMiAaPQ 801 1$bMiAaPQ 801 2$bMiAaPQ 906 $aBOOK 912 $a9910537363503321 996 $aPediatric and adolescent gynecology$92659473 997 $aUNINA LEADER 05261nam 2200757 450 001 9910508506303321 005 20210929095243.0 010 $a3-631-82378-9 010 $a3-631-82377-0 035 $a(CKB)4100000011204725 035 $a(MiAaPQ)EBC6184809 035 $a(oapen)https://directory.doabooks.org/handle/20.500.12854/72804 035 $a(EXLCZ)994100000011204725 100 $a20200807d2020 uy 0 101 0 $aeng 135 $aurcnu|||||||| 181 $ctxt$2rdacontent 182 $cc$2rdamedia 183 $acr$2rdacarrier 200 14$aThe beginnings of polish musicology /$fMa?gorzata Sieradz ; translated by Lindsay Davidson 210 $aBern$cPeter Lang International Academic Publishing Group$d2020 210 1$aBerlin :$cPeter Lang,$d[2020] 210 4$dİ2020 215 $a1 online resource (578 pages) 225 1 $aEastern European studies in musicology ;$vVolume 20 311 $a3-631-80958-1 320 $aIncludes bibliographical references and index. 327 $aCover -- Copyright information -- Contents -- Introduction -- I. Socio-institutional contexts of the establishment of Kwartalnik Muzyczn y -- 1. Panorama of Polish musicological journalism until 1910 -- Roman Chojnacki's M?oda Muzyka and Przegla?d Muzyczny -- WTM and Henryk Opien?ski's Kwartalnik Muzyczny (1911-14) -- collaboration with Adolf Chybin?ski -- clarification of the concept of a musicological quarterly -- university series 327 $a2. Societies, associations, institutes of the interwar period: 'Club of professional music press' -- Polish Society for Contemporary Music -- Polish Musicological Society -- Frederic Chopin Institute -- Association of Early Music Lovers and Publishing Society -- 3. Music magazines of the interwar period: Lwowskie Wiadomos?ci Muzyczne i Literackie, Poznan?'s Przegla?d Muzyczny, Mateusz Glin?ski's Muzyka -- other environmental and local musical magazines -- controversies over the model of an expert journal of the milieu 327 $a1. Panorama of Polish musicological journalism until 1910 -- Roman Chojnacki's M ? oda Muzyka and Przegl a? d Muzyczny -- WTM and Henryk Opien?ski's Kwartalnik Muzyczny (1911-14) -- collaboration with Adolf Chybi n? ski -- clarification of the concept of a -- II. Hopes of Polish musicology -- Kwartalnik Muzyczny in the years 1928-1933 -- 1. The idea of publishing a musicological quarterly -- preparatory work -- establishing Kwartalnik Muzyczny : the periodical's concept -- programme assumptions: the first editorial -- reactions of the milieu 327 $a2. Musicological circles in Poland (Lviv, Cracow, Poznan?, Warsaw) as addresses of the Kwartalnik -- socio-scientific contexts: ideas about the functioning of the musicological environment -- main topics of interest -- other possibilities of publishing musicological studies: academic publishing -- 3. Musicology among academic disciplines in the interwar period -- systematics, discussions -- III. Difficult years -- Kwartalnik Muzyczny in the years 1948-1950 -- 1. New context of the functioning of the academic milieu and their publications -- 'bourgeoisie musicology' 327 $a2. Ideologisation of learning about music -- conferences, conventions, congresses -- Marxist musicology -- Pan?stwowy Instytut Sztuki -- gradual radicalisation in academia -- 3. An attempt to continue the formula of the magazine -- Adolf Chybin?ski and his collaborators (Zofia Lissa, Tadeusz Ochlewski, Jo?zef M. Chomin?ski -- scope of cooperation and organisation of editorial work) -- new organisation of publishing work (PWM, PIS) 327 $a4. Authors and subjects as well as concepts, problems and work methods -- continuation of the pre-war work -- around the current issues of musical socialist realism -- thematic projects 330 $aThe book presents the history of the only strictly scientific Polish musicological periodical Kwartalnik Muzyczny. It shows how the editorial board of the periodi-cal met with true approval and harsh criticism. The subject allows the author to present the beginnings of Polish musicology and its evolution through three epochs: the late partitioning period, the interwar period of Poland?s independ-ence, and the early years after the Second World War 410 0$aEastern European studies in musicology ;$vVolume 20. 606 $aMusicology$xHistory 607 $aPoland$2fast 608 $aHistory.$2fast 610 $a1928 610 $a1950 610 $aHistory of Musical Periods 610 $aInstytutu 610 $aKwartalnik 610 $aMusic 610 $aMusical Sociology 610 $aMusicology 610 $aMuzyczny 610 $amuzykologii 610 $apocz?tki 610 $aPolish 610 $apolskiej 610 $aSieradz 610 $aSociology 610 $aSztuki 610 $aWydawnictwo 615 0$aMusicology$xHistory. 676 $a780.720 700 $aSieradz$b Ma?gorzata$01033070 701 $aDavidson$b Lindsay$f1973-$01033071 801 0$bMiAaPQ 801 1$bMiAaPQ 801 2$bMiAaPQ 906 $aBOOK 912 $a9910508506303321 996 $aThe beginnings of polish musicology$92451351 997 $aUNINA LEADER 03790oam 2201033M 450 001 9910716525203321 005 20210615052946.0 035 $a(CKB)5470000002522906 035 $a(OCoLC)1065845021 035 $a(OCoLC)995470000002522906 035 $a(EXLCZ)995470000002522906 100 $a20071213d1927 ua 0 101 0 $aeng 135 $aurcn||||||||| 181 $ctxt$2rdacontent 182 $cc$2rdamedia 183 $acr$2rdacarrier 200 10$aBoulder Canyon reclamation project. December 22, 1926. -- Committed to the Committee of the Whole House on the State of the Union and ordered to be printed 210 1$a[Washington, D.C.] :$c[U.S. Government Printing Office],$d1927. 215 $a1 online resource (125 pages) $ctables 225 1 $aHouse report / 69th Congress, 2nd session. House ;$vno. 1657, pt. 1, 2, 3, 4 & 5 225 1 $a[United States congressional serial set] ;$v[serial no. 8688] 300 $aPages listed in the Contents Note reflect printed page numbers within successive, separately paginated parts of the publication. 300 $aPart 5 is dated January 28, 1927. 300 $aIndex, p. 35. 300 $aPart 2, Minority report, follows p. 36. 300 $aPart 3, Minority report, follows p. 18. 300 $aPart 4, Minority report, follows p. 31. 300 $aPart 5, Supplementary views, follows p. 15. 300 $aBatch processed record: Metadata reviewed, not verified. Some fields updated by batch processes. 300 $aFDLP item number not assigned. 606 $aDams 606 $aElectric utilities 606 $aFederal government 606 $aFlood control 606 $aHydroelectric power plants 606 $aHydroelectric power plants$zBrazil 606 $aInterstate agreements 606 $aIrrigation canals and flumes 606 $aIrrigation 606 $aLegislative amendments 606 $aReclamation of land 606 $aReservoirs 606 $aConstitutional law 606 $aStates' rights (American politics) 606 $aWater 606 $aWater-supply 606 $aWater diversion 606 $aWater-power 606 $aWater rights 606 $aWatersheds 606 $aConstruction 606 $aCost 608 $aLegislative materials.$2lcgft 615 0$aDams. 615 0$aElectric utilities. 615 0$aFederal government. 615 0$aFlood control. 615 0$aHydroelectric power plants. 615 0$aHydroelectric power plants 615 0$aInterstate agreements. 615 0$aIrrigation canals and flumes. 615 0$aIrrigation. 615 0$aLegislative amendments. 615 0$aReclamation of land. 615 0$aReservoirs. 615 0$aConstitutional law. 615 0$aStates' rights (American politics) 615 0$aWater. 615 0$aWater-supply. 615 0$aWater diversion. 615 0$aWater-power. 615 0$aWater rights. 615 0$aWatersheds. 615 0$aConstruction. 615 0$aCost. 701 $aDavenport$b Frederick Morgan$f1866-1956$pRepublican (NY)$01398838 701 $aHayden$b Carl Trumbull$f1877-1972$pDemocrat (AZ)$01386806 701 $aLeatherwood$b Elmer O.$f1872-1929$pRepublican (UT)$01398131 701 $aSmith$b Addison T$g(Addison Taylor),$f1862-1956$pRepublican (ID)$01386174 701 $aWhittington$b William Madison$f1878-1962$pDemocrat (FL)$01389550 801 0$bWYU 801 1$bWYU 801 2$bOCLCO 801 2$bOCLCQ 906 $aBOOK 912 $a9910716525203321 996 $aBoulder Canyon reclamation project. December 22, 1926. -- Committed to the Committee of the Whole House on the State of the Union and ordered to be printed$93462957 997 $aUNINA